Rapiña global : (Registro nro. 11374)

Detalles MARC
000 -LIDER
fixed length control field 01063cam a22003374a 4500
001 - NÚMERO DE CONTROL
Identificador de número de control 14442628
003 - IDENTIFICACDOR DE NÚMERO DE CONTROL
control field DO-SdBNP
005 - DATE AND TIME OF LATEST TRANSACTION
control field 20221102085658.0
008 - ELEMENTOS DE LONGITUD FIJA
fixed length control field 060510s2006 sp b 001 0 spa
010 ## - NUMERO DE CONTROL DE BIBLIOTECA DEL CONGRESO
LC control number 2006463801
020 ## - ISBN
International Standard Book Number 8466318542
035 ## - NÚMERO LOCAL
System control number
040 ## - FUENTE DE CATALOGACIÓN
Agencia que crea de manera original el registro BPMSU
Agencia que realiza la transcripción spa
Agencia que realiza la modificación BPMSU
050 00 - NÚMERO DE CLASIFICACIÓN BIBLIOTECA DEL CONGRESO
Classification number
Item number
082 00 - NÚMERO DE CLASIFICACIÓN DECIMAL DE DEWEY
Classification number 327.73
Edition number
Item number T129r
100 1# - ASIENTO PRINCIPAL -- NOMBRE PERSONAL
Nombre personal Taibo, Carlos,
Fechas asociadas con el nombre 1956-
245 10 - MENCIÓN DE TITULO
Título Rapiña global :
Subtítulo una introducción a la política internacional contemporánea /
Mención de responsabilidad Carlos Taibo.
260 ## - PUBLICACIÓN, DISTRIBUCIÓN, ETC. (PIE DE IMPRENTA)
Lugar de publicación, distribución, etc Madrid :
Nombre del editor, distribuidor, etc. Punto de Lectura,
Fecha de publicación, distribución, etc 2006.
300 ## - DESCRIPCIÓN FÍSICA
Extensión 207 p. ;
Dimensiones 19 cm.
490 0# - MENCIÓN DE SERIES
Mención de serie Punto de lectura ;
-- ensayo
Volume/sequential designation 31/1
504 ## - NOTA DE BIBLIOGRAFÍA, ETC.
Bibliography, etc Incluye referencias bibliográficas (p. 203-207) e índice
650 #0 - ENCABEZAMIENTO DE MATERIA--TEMÁTICO
Término temático o nombre geográfico como elemento de entrada Globalizacion
650 #4 - ENCABEZAMIENTO DE MATERIA--TEMÁTICO
Término temático o nombre geográfico como elemento de entrada Imperialismo
Subdivisión geográfica Estados Unidos
650 #4 - ENCABEZAMIENTO DE MATERIA--TEMÁTICO
Término temático o nombre geográfico como elemento de entrada Globalization
Subdivisión temática general Aspectos económicos.
651 ## - ENCABEZAMIENTO DE MATERIA--NOMBRE GEOGRÁFICO
Nombre geográfico Estados Unidos
Subdivisión temática general Relaciones internacionales
830 ## - ASIENTO SECUNDARIO DE SERIE--TÍTULO UNIFORME
Título uniforme Punto de lectura
Nombre de la parte o sección de una obra ensayo
Volume number/sequential designation 31/1
856 ## - UBICACIÓN ELECTRÓNICA Y ACCESO
Nombre del dominio (“Host name”)
Puerto de acceso (“Port”) ensayo
Horario de disponibilidad del método de acceso 31/1
910 ## - VALIDACIÓN
Validación VMateo
942 ## - ADDED ENTRY ELEMENTS (KOHA)
Source of classification or shelving scheme Dewey Decimal Classification
Koha item type Libros
945 ## - INFORMACIÓN DE PROCESAMIENTO LOCAL
Información de procesamiento local Inventariado, 2018 / BT
Existencias
Withdrawn status Lost status Source of classification or shelving scheme Damaged status Not for loan Collection code Home library Current library Date acquired Source of acquisition Full call number Barcode Date last seen Price effective from Koha item type Copy number
    Dewey Decimal Classification     Colección General Biblioteca Pública Metropolitana Salomé Ureña Biblioteca Pública Metropolitana Salomé Ureña 09/14/2016 ALFAGUARA BPMSU CG 327.73 T129r 2006 BPMSU16090273 09/14/2016 09/14/2016 Libros  
    Dewey Decimal Classification     Colección General Biblioteca Pública Metropolitana Salomé Ureña Biblioteca Pública Metropolitana Salomé Ureña 09/14/2016 ALFAGUARA BPMSU CG 327.73 T129r 2006 BPMSU16090274 09/14/2016 09/14/2016 Libros e.2
    Dewey Decimal Classification     Colección Juvenil General Biblioteca Pública Metropolitana Salomé Ureña Biblioteca Pública Metropolitana Salomé Ureña 09/14/2016 ALFAGUARA BPMSU CG 327.73 T129r 2006 BPMSU16090275 09/14/2016 09/14/2016 Libros e.3